| 000 | 00826nam a22002177a 4500 | ||
|---|---|---|---|
| 999 |
_c16260 _d16260 |
||
| 003 | AR-CdUCM | ||
| 008 | 190403b ||||| |||| 00| 0 spa d | ||
| 040 |
_aMUNICIPALIDAD PROVINCIAL DEL CUSCO _cBIBLIOTECA MUNICIPAL DEL CUSCO |
||
| 082 |
_a199.8 / _bI53 |
||
| 100 |
_aIngenieros, José _9579 |
||
| 245 |
_aCiencia y filosofía : _bSeis ensayos / |
||
| 260 |
_aMadrid : _bAmérica, |
||
| 300 |
_a253 páginas ; _c19 cm. |
||
| 500 | _aEdición económica de las obras completas revisadas y anotadas por Anibal Ponce 8. | ||
| 505 | _aContenido : Psicología de la curiosidad -- Las ciencias nuevas y las leyes viejas -- La personalidad intelectual de José M. Ramos Mejia ... | ||
| 650 |
_aPersonalidad _9925 |
||
| 650 |
_aFilosofia _9395 |
||
| 650 |
_aAregntina _935602 |
||
| 942 |
_2ddc _cLIBROS |
||
| 945 |
_arah _d02/05/2019 |
||